Relativistic quantum mechanics: with applications in condensed matter and atomic physics

Salvato in:
Dettagli Bibliografici
Autore principale: Strange, Paul (Autore)
Natura: Libro
Lingua:inglese
Pubblicazione: Cambridge Cambridge University 1998
Edizione:1a. ed
Soggetti:
Tags: Aggiungi Tag
Nessun Tag, puoi essere il primo ad aggiungerne!!

MARC

LEADER 00000nam a2200000 a 4500
001 UCL8001
003 CL-VaPUC
008 040611e19980000uk |||||||||||||||||eng|d
020 |a 0521565839 
082 0 4 |a 530.12  |b STR  |2 21 
100 0 |a Strange, Paul  |e author  |9 485905 
245 1 0 |a Relativistic quantum mechanics: with applications in condensed matter and atomic physics 
250 |a 1a. ed 
300 |a 594 p 
942 |c BK 
945 |d 20040611 00:00:00  |a cmena 
260 |a Cambridge  |b Cambridge University  |c 1998 
650 0 |a Teoría cuántica  |9 266148 
650 0 |a Mecánica cuántica  |9 306806 
583 |a last modification  |c 20130806 04:28:17  |k Rodrigo Vera 
999 |c 309488  |d 309486 
952 |0 0  |1 0  |4 0  |6 530_120000000000000_STR_1998  |7 0  |8 A  |9 376951  |a BIBCUR  |b BIBCUR  |d 2019-11-21  |i 4025679  |l 1  |o 530.12 STR 1998  |p 4025679  |r 2025-04-22  |s 2024-11-19  |w 2019-11-21  |y BK  |k FIS